Đang tải...
Vaikom Sathyagraham
| Tác giả chính: | |
|---|---|
| Định dạng: | Printed Book |
| Ngôn ngữ: | Undetermined |
| Được phát hành: |
Kozhikode :
Mathrubhumi Printing & Publishing Co.,
2016
|
| Phiên bản: | 1 ed. |
| Những chủ đề: |
| LEADER | 00506nam a2200157Ia 4500 | ||
|---|---|---|---|
| 008 | 200324s9999 xx 000 0 und d | ||
| 082 | |a 954.83 |b RAJ-V | ||
| 100 | |a Rajan,E | ||
| 245 | 0 | |a Vaikom Sathyagraham | |
| 250 | |a 1 ed. | ||
| 260 | |a Kozhikode : |b Mathrubhumi Printing & Publishing Co., |c 2016 | ||
| 300 | |a 302p. | ||
| 650 | |a keralahistory | ||
| 942 | |c BK | ||
| 999 | |c 287560 |d 287560 | ||
| 952 | |0 0 |1 0 |4 0 |6 954_830000000000000_RAJV |7 0 |9 306097 |a SDE |b SDE |d 2018-10-24 |l 0 |o 954.83 RAJ-V |p SDE23517 |r 2020-03-27 |w 2020-03-27 |y BK | ||